| 000 | 00470 a2200145 4500 | ||
|---|---|---|---|
| 005 | 20250625162627.0 | ||
| 020 | _a0-7879-5891-3 | ||
| 082 | _a658.16 RES | ||
| 100 | _aResizing the Organization: Managing Layoffs, Divestitures and Closings | ||
| 245 | _aResizing the Organization: Managing Layoffs, Divestitures, and Closings, | ||
| 260 |
_aNew York, _bUSA, _c2003. |
||
| 300 |
_axxv,; 402p.; figure, _bIndex, _c24cm. |
||
| 700 | _aDE MEUSE, P.K, AT ALL. | ||
| 942 |
_2ddc _cBKS |
||
| 999 |
_c5137 _d5137 |
||